Fußballer die den Ballor dir gewonnen haben - Statistiken

Allgemein
  • Dieses Quiz wurde 326 mal gespielt
  • Das Durchschnittsergebnis liegt bei 7 aus 13
Answers on the Grid
Answers color-coded by a green-red scale on the quiz's grid according to % correct below.
Christiano Ronaldo
Thierry henry
Pele
Lionel messi
Frank ribery
Vini jr
Modric
Rivaldo
Ronaldo (R9)
Eusebio
Inesta
Lev Yashin
Raul
Beckenbauer
Kevin Keegan
Michel platini
Robert Lewandowski
Gianluigi Buffon
Ronaldinho
Kaka
Zidane
 
Antwortstatistiken
Antwort % Korrekt
Christiano Ronaldo
97%
Lionel messi
69%
Ronaldo (R9)
64%
Modric
62%
Zidane
60%
Kaka
57%
Ronaldinho
57%
Beckenbauer
49%
Michel platini
45%
Lev Yashin
44%
Rivaldo
39%
Eusebio
34%
Kevin Keegan
28%
Keine übereinstimmenden Quizze gefunden
Verteilung der Resultate
Anzahl Personen mit jedem Resultat
Perzentil nach korrekt beantworteten Fragen
Ihre Resultats-Entwicklung
Sie haben dieses Quiz noch nicht gespielt